00590nam a2200205Ia 4500008004100000050001200041050001500053100003000068245003300098245005500131245003000186260003100216260001000247260001000257300001500267300002000282300001100302500005600313521001500369170504s9999 xx 000 0 und d aPN 1997 b.M779 2015 aMontes, Nicholas James S. aAngono Rizal, ab arts town : ba video featurette on the art of the Philippines / cNicholas James S. Montes. aLas Piñas, Philippines : bSISC, c2016. a41 pages : billustrations ; c28 cm. aIncludes bibliographical references and appendices. aMedia Arts